Fr. Conceicao Rodrigues College of Engineering

Computer Programming II (Record no. 19083)

MARC details
000 -LEADER
fixed length control field 00310nam a2200145Ia 4500
082 ## - DEWEY DECIMAL CLASSIFICATION NUMBER
Classification number 005-076
Item number GAJ
100 ## - MAIN ENTRY--PERSONAL NAME
Personal name Gajjar/Dhiren
245 ## - TITLE STATEMENT
Title Computer Programming II
260 ## - PUBLICATION, DISTRIBUTION, ETC.
Name of publisher, distributor, etc. Students book depot
Place of publication, distribution, etc. Pune
300 ## - PHYSICAL DESCRIPTION
Extent 219
546 ## - LANGUAGE NOTE
Language note ENGLISH
654 ## - SUBJECT ADDED ENTRY--FACETED TOPICAL TERMS
Focus term Programming II
942 ## - ADDED ENTRY ELEMENTS (KOHA)
Koha item type BOOK
Holdings
Withdrawn status Lost status Damaged status Not for loan Collection Home library Current library Date acquired Total Checkouts Full call number Barcode Date last seen Price effective from Koha item type
        CRC Fr. Agnel's C.Rodrigues College of Engineering Fr. Agnel's C.Rodrigues College of Engineering 17/03/2023   005-076 GAJ 10642 17/03/2023 17/03/2023 BOOK